[Event "1st Cyprus Chess Tournament 2019"]
[Site "Larnaca"]
[Date "2019.10.29"]
[Round "6.4"]
[White "Isaakidis, Alexandros"]
[Black "Kotronias, Vasilios"]
[Result "0-1"]
[WhiteElo "2219"]
[BlackElo "2486"]
[Annotator "TA"]
[PlyCount "102"]
[EventDate "2019.10.25"]
[EventType "swiss"]
[EventCountry "CYP"]
[SourceTitle "playchess.com"]
[Source "ChessBase"]
[SourceQuality "1"]

{[%evp 9,102,33,81,80,86,73,83,72,103,92,251,208,220,216,230,214,248,155,231,169,177,181,184,175,207,0,0,-7,0,-34,-28,-14,-13,-41,-34,-37,-31,-37,11,-42,-54,-45,-46,-62,472,41,42,64,274,279,254,28,86,8,8,12,15,0,0,-16,0,-39,-20,-34,-10,-52,-32,-52,-41,-47,-60,-164,-110,-178,-114,-94,0,-175,-88,-45,-49,-401,-194,-186,-181,-1031,-925,-29958,-29959,-29959,-29956,-29939,-7079,-4132,-1930]} 1. c4 e5 2. Nc3 Bb4 3. Nd5 Bc5 4. e3 Nc6 (4... Nf6 5. b4 Be7 6. Bb2 Nxd5 7. cxd5 d6 8. Ne2 O-O 9. g3 a5 10. b5 a4 11. Bg2 Qe8 12. Nc3 f5 {0-1 (32) Tomashevsky,E (2705)-Saric,I (2695) St Petersburg 2018}) 5. Nf3 e4 6. d4 $1 {[%cal Rd4c5] A21: English Opening: 1...e5 2 Nc3} exd3 7. Bxd3 Nf6 $146 ({Predecessor:} 7... d6 8. O-O Nge7 9. Bd2 Be6 10. b4 Bb6 11. Nf4 Bg4 12. h3 Bxf3 13. Qxf3 {1-0 (42) Khismatullin,D (2556)-Haznedaroglu,K (2395) Istanbul 2004}) 8. O-O {White is better.} O-O 9. Ng5 {Threatens to win with Nxf6+.} Nxd5 $2 (9... g6 $16) 10. Bxh7+ $18 Kh8 11. Qxd5 {[%mdl 64] Double Attack} Qe7 {White should prevent ...Nb4.} 12. Bb1 f5 {White must now prevent ...Nb4.} 13. h4 Ne5 (13... d6 $16 14. Bd2 Ne5) 14. b3 d6 15. Bb2 Bd7 16. Bc2 Rf6 17. Bxe5 $2 ({White should try} 17. b4 $1 $18 {[%cal Rb4c5]} Bc6 18. Qd1) 17... dxe5 $11 18. Qf3 {And now Qh5+ would win.} Raf8 19. Rae1 (19. Qxb7 $2 Bc6 $19) 19... Rh6 {...e4 is the strong threat.} 20. Qg3 $1 (20. Qxb7 $2 Bc6 $19) 20... e4 {Strongly threatening ...Bd6.} 21. f4 exf3 22. Rxf3 Bd6 23. Qf2 {[%cal Rc2f5]} Qe5 {[%mdl 1024] [#] Black has compensation.} 24. g3 ({Better is} 24. g4 $1 $11 {[%mdl 512]}) 24... Rhf6 $15 25. Rf4 Bc6 26. Qe2 Qa5 $2 {[%mdl 8192] [#]} (26... Kg8 $15 27. c5 (27. Qh5 Rh6 $17) 27... Qxc5) 27. b4 $2 (27. Rxf5 $1 $18 {[%mdl 512]} Qc3 (27... Rxf5 28. Qh5+) 28. Qh5+ Rh6 29. Rxf8+ Bxf8 30. Nf7+ {[%mdl 64] Double Attack, Pin} Kg8 31. Nxh6+ gxh6 32. Qg6+ Qg7 33. Rf1) 27... Qxb4 $14 {[#]} ({Much worse is} 27... Qxa2 $6 28. Rxf5 $1 {[%mdl 512]} g6 29. Rxf6 $16) 28. Rxf5 $1 {[%mdl 512] White wants to mate with Qh5+.} g6 $2 ({Don't blunder} 28... Bxg3 $2 29. Rxf6 Rxf6 30. Qh5+ Kg8 31. Qh7+ Kf8 32. Qh8+ Ke7 33. Qxg7+ Ke8 34. Bg6+ Rxg6 35. Qxg6+ $18) (28... Be8 $1 $14 29. Rb1 Qa3 30. Rxf6 gxf6) (28... Rxf5 29. Qh5+) 29. Rxf6 $1 $18 Rxf6 {[#]} 30. Rf1 $2 (30. Bxg6 $1 $18 {[%mdl 512] Threatening mate with Qh5+.} Kg7 (30... Rxg6 31. Qh5+) 31. Be4) 30... Qb2 (30... Rxf1+ $11 31. Qxf1 Qc3) 31. Rxf6 (31. Nf7+ $16 Kg7 32. Nxd6 cxd6 33. Rxf6 Qxf6 34. Qd3) 31... Qxf6 $11 32. Kh2 Kg7 33. c5 {[%mdl 64] Decoy} Bxc5 34. Ne4 Qa1 35. Qd3 Be7 $40 {[%mdl 128] Black is up to no good.} 36. Nf2 $1 Qf6 37. Ng4 Qd6 $1 38. Qc3+ Bf6 $1 {[%cal Rf6c3]} 39. Nxf6 Qxf6 40. Qxf6+ (40. Qd4 $15) 40... Kxf6 $15 {[%mdl 4096] Endgame KB-KB} 41. g4 {[#]} (41. Kg1 $17 {might work better.}) 41... g5 (41... b5 $1 $19 42. g5+ Kg7) 42. h5 $17 b5 (42... Bd7 $17 43. Kg3 c5) 43. Kg3 $2 (43. h6 $11) 43... Bd5 (43... Kg7 $19 44. e4 Kf6) 44. a3 c5 {aiming for ...b4.} 45. Kf2 $2 {[%mdl 8192]} (45. Bf5 $1 $15) 45... b4 (45... Be6 $142 46. Bd1 b4 47. axb4 cxb4) 46. axb4 $19 cxb4 {Hoping for ...b3.} 47. e4 $2 (47. h6 Be6 48. Ke2 Bxg4+ 49. Kd2) 47... Be6 48. h6 Kg6 49. Ke3 b3 50. Bb1 Kxh6 51. Kd4 Bxg4 {Accuracy: White = 24%, Black = 43%.} 0-1

[Event "1st Cyprus Chess Tournament 2019"]
[Site "Larnaca"]
[Date "2019.10.29"]
[Round "6.5"]
[White "Tsyn, Igor"]
[Black "Ulybin, Mikhail"]
[Result "0-1"]
[WhiteElo "2129"]
[BlackElo "2455"]
[Annotator "TA"]
[PlyCount "104"]
[EventDate "2019.10.25"]
[EventType "swiss"]
[EventCountry "CYP"]
[SourceTitle "playchess.com"]
[Source "ChessBase"]
[SourceQuality "1"]

{[%evp 23,106,8,34,0,17,20,24,4,8,0,0,-26,-25,-18,0,0,11,0,0,0,0,0,0,-19,0,-12,-12,-31,-27,-25,-15,-34,-32,-19,-16,-25,-26,-49,-48,-116,-42,-70,-54,-93,-50,-63,0,-72,-62,-170,-78,-97,-69,-137,-132,-114,-114,-209,-211,-208,-147,-185,-189,-198,-192,-304,-298,-377,-323,-677,-686,-656,-634,-642,-626,-631,-628,-850,-862,-827,-829,-843,-814,-1013,-1000]} 1. e4 e6 2. d4 d5 3. Nd2 Nf6 4. e5 Nfd7 5. Bd3 c5 6. c3 Nc6 7. Ne2 cxd4 8. cxd4 f6 9. exf6 Qxf6 10. Nf3 h6 11. O-O Bd6 12. Nc3 O-O 13. a3 {C06: French Tarrasch: 3...Nf6 4 e5 Nfd7 5 Bd3 main lines} (13. Bc2 Rf7 14. a3 Nf8 15. Ne2 Bd7 16. Ng3 Rc8 17. Nh5 Qd8 18. Re1 Be8 19. Be3 Na5 20. Bd3 Nc4 {1-0 (42) Song,R (2450)-Lagarde,M (2599) Teplice 2019}) 13... Rd8 14. Be3 Nf8 15. Re1 {White has an edge.} Bd7 16. Rc1 Be8 17. b4 Bh5 18. Be2 Rac8 19. h3 $146 ({Predecessor:} 19. Na4 b6 20. h3 Be8 {½-½ (28) Dgebuadze,A (2465)-Soln,P (2325) Roque Saenz Pena 1997}) 19... Bc7 20. Nh2 Bxe2 21. Nxe2 Bxh2+ 22. Kxh2 Ng6 23. Kg1 a6 24. Qb3 Nh4 25. Red1 Rf8 26. Qd3 Nf5 27. f3 Nd6 28. Bf2 Nc4 {aiming for ...Nb2.} 29. Qb3 Ne7 30. Ng3 Ng6 31. Be3 (31. Ne2 $15) 31... Rf7 (31... Nh4 $17 {Threatens to win with ...Nxg2!} 32. Bf2 b5) 32. Rf1 Rfc7 33. Rce1 Qh4 34. Kh2 Qf6 ({Black should try} 34... Nd6 $15) 35. Qd3 (35. Kg1 $1 $11 {remains equal.}) 35... Rc6 $36 {[%mdl 2048] Black fights for an advantage.} 36. Re2 (36. Ne2 $15) 36... Nd6 (36... Nf4 $19 {and Black stays clearly on top.} 37. Bxf4 Qxf4) 37. Bd2 Nb5 38. Nh5 (38. f4 $15) 38... Qf5 $17 39. Qxf5 exf5 40. Be3 (40. Nf4 $17) 40... Re6 $19 {[#] ...f4 is the strong threat.} 41. Ree1 Rce8 42. Bf2 Nxa3 43. Rc1 Nc4 44. Ng3 (44. Rfe1 $142) 44... f4 45. Nf5 Rf8 46. Rxc4 $2 (46. Nh4) 46... dxc4 {Black is clearly winning.} 47. d5 Ref6 48. Nd4 Rd8 49. Rc1 b5 50. Ne6 Rxd5 51. Nc5 Ne5 52. Be1 Rc6 {Played: Ne5-d3} 0-1

[Event "1st Cyprus Chess Tournament 2019"]
[Site "Larnaca"]
[Date "2019.10.29"]
[Round "6.6"]
[White "Damianou, Ioannis"]
[Black "Lornye, Pylyp"]
[Result "0-1"]
[WhiteElo "2118"]
[BlackElo "2284"]
[Annotator "ChessBase"]
[PlyCount "114"]
[EventDate "2019.10.25"]
[EventType "swiss"]
[EventCountry "CYP"]
[SourceTitle "playchess.com"]
[Source "ChessBase"]
[SourceQuality "1"]
[TimeControl "5400+30"]

1. c4 {[%emt 0:00:00]} f5 {[%emt 0:02:40]} 2. Nc3 {[%emt 0:00:44]} Nf6 {[%emt 0:00:11]} 3. g3 {[%emt 0:00:23]} g6 {[%emt 0:00:07]} 4. Bg2 {[%emt 0:00:14]} Bg7 {[%emt 0:00:20]} 5. Nf3 {[%emt 0:01:40]} d6 {[%emt 0:00:37]} 6. d4 {[%emt 0:00:29]} O-O {[%emt 0:00:11]} 7. O-O {[%emt 0:00:10]} Qe8 {[%emt 0:00:08]} 8. b3 {[%emt 0:13:52]} Na6 {[%emt 0:05:25]} 9. Bb2 {[%emt 0:02:29]} c6 {[%emt 0:04:12]} 10. e4 {[%emt 0:06:11]} fxe4 {[%emt 0:03:20]} 11. Ng5 {[%emt 0:00:57]} d5 {[%emt 0:01:23]} 12. f3 {[%emt 0:04:12]} h6 {[%emt 0:07:51]} 13. Nh3 {[%emt 0:00:17]} exf3 {[%emt 0:04:44]} 14. Qxf3 {[%emt 0:00:26]} Ng4 {[%emt 0:00:30]} 15. Qd3 {[%emt 0:03:06]} Bf5 {[%emt 0:00:16]} 16. Qd2 {[%emt 0:02:23]} dxc4 {[%emt 0:06:01]} 17. bxc4 {[%emt 0:01:27]} Qd7 {[%emt 0:00:20]} 18. Rad1 {[%emt 0:14:18]} Rad8 {[%emt 0:01:38]} 19. Ne4 {[%emt 0:09:43]} c5 {[%emt 0:09:10]} 20. d5 {[%emt 0:09:49]} Bxb2 {[%emt 0:05:07]} 21. Qxb2 {[%emt 0:00:10]} Ne3 {[%emt 0:00:36]} 22. Qd2 {[%emt 0:03:00]} Nxf1 {[%emt 0:01:39]} 23. Qxh6 {[%emt 0:01:23]} e6 {[%emt 0:00:33]} 24. Rxf1 {[%emt 0:04:08]} Qg7 {[%emt 0:01:03]} 25. Qh4 {[%emt 0:01:38]} Bxe4 {[%emt 0:02:31]} 26. Bxe4 {[%emt 0:05:07]} Rxf1+ {[%emt 0:00:41]} 27. Kxf1 {[%emt 0:00:04]} Rf8+ {[%emt 0:00:21]} 28. Kg2 {[%emt 0:01:54]} Qb2+ {[%emt 0:09:47]} 29. Kh1 {[%emt 0:00:24]} Qc1+ {[%emt 0:00:57]} 30. Ng1 {[%emt 0:00:27]} Qxc4 {[%emt 0:00:22]} 31. Qg4 {[%emt 0:04:48]} Rf6 {[%emt 0:00:23]} 32. Nf3 {[%emt 0:00:33]} exd5 {[%emt 0:09:21]} 33. Qc8+ {[%emt 0:00:43]} Kg7 {[%emt 0:00:15]} 34. Qxb7+ {[%emt 0:02:26]} Rf7 {[%emt 0:05:08]} 35. Qxf7+ {[%emt 0:00:09]} Kxf7 {[%emt 0:00:01]} 36. Ne5+ {[%emt 0:00:07]} Ke6 {[%emt 0:00:05]} 37. Nxc4 {[%emt 0:00:04]} dxe4 {[%emt 0:00:05]} 38. Kg2 {[%emt 0:01:07]} Kd5 {[%emt 0:00:39]} 39. Na5 {[%emt 0:01:14]} Nb4 {[%emt 0:00:48]} 40. a3 {[%emt 0:00:43]} Nc2 {[%emt 0:01:16]} 41. h4 {[%emt 0:01:32]} c4 {[%emt 0:01:25]} 42. g4 {[%emt 0:01:43]} c3 {[%emt 0:00:54]} 43. h5 {[%emt 0:01:56]} gxh5 {[%emt 0:01:15]} 44. gxh5 {[%emt 0:00:06]} Ne3+ {[%emt 0:03:24]} 45. Kf2 {[%emt 0:00:51]} c2 {[%emt 0:00:20]} 46. Nb3 {[%emt 0:00:06]} Kc4 {[%emt 0:01:07]} 47. Nc1 {[%emt 0:00:05]} Ng4+ {[%emt 0:02:36]} 48. Kg3 {[%emt 0:01:34]} Nf6 {[%emt 0:00:36]} 49. h6 {[%emt 0:00:49]} Kc3 {[%emt 0:00:26]} 50. Kf4 {[%emt 0:00:34]} Kb2 {[%emt 0:02:03]} 51. Ne2 {[%emt 0:01:11]} c1=Q+ {[%emt 0:00:19]} 52. Nxc1 {[%emt 0:00:04]} Kxc1 {[%emt 0:00:04]} 53. a4 {[%emt 0:01:55]} a5 {[%emt 0:00:11]} 54. Kf5 {[%emt 0:00:37]} e3 {[%emt 0:00:09]} 55. Kxf6 {[%emt 0:00:07]} e2 {[%emt 0:00:07]} 56. h7 {[%emt 0:00:06]} e1=Q {[%emt 0:00:07]} 57. Kg7 {[%emt 0:00:10]} Qc3+ {[%emt 0:00:10]} 0-1

[Event "1st Cyprus Chess Tournament 2019"]
[Site "Larnaca"]
[Date "2019.10.29"]
[Round "6.7"]
[White "Arkell, Keith C"]
[Black "Gerasimenyuk, Mikhail"]
[Result "1-0"]
[WhiteElo "2447"]
[BlackElo "2113"]
[Annotator "ChessBase"]
[PlyCount "77"]
[EventDate "2019.10.25"]
[EventType "swiss"]
[EventCountry "CYP"]
[SourceTitle "playchess.com"]
[Source "ChessBase"]
[SourceQuality "1"]
[TimeControl "5400+30"]

1. c4 {[%emt 0:00:00]} c5 {[%emt 0:00:00]} 2. Nc3 {[%emt 0:00:00]} Nc6 {[%emt 0:00:00]} 3. g3 {[%emt 0:00:00]} g6 {[%emt 0:00:03]} 4. Bg2 {[%emt 0:00:00]} Bg7 {[%emt 0:00:05]} 5. Nf3 {[%emt 0:00:55]} d6 {[%emt 0:00:25]} 6. O-O {[%emt 0:00:08]} Nh6 {[%emt 0:00:07]} 7. Rb1 {[%emt 0:00:19]} Nf5 {[%emt 0:00:16]} 8. a3 {[%emt 0:00:10]} a5 {[%emt 0:01:01]} 9. b3 {[%emt 0:00:05]} h5 {[%emt 0:01:05]} 10. h3 {[%emt 0:01:28]} Nfd4 {[%emt 0:19:38]} 11. Nxd4 {[%emt 0:03:05]} cxd4 {[%emt 0:04:16]} 12. Nb5 {[%emt 0:00:05]} Bf5 {[%emt 0:01:44]} 13. d3 {[%emt 0:00:06]} Qd7 {[%emt 0:04:04]} 14. h4 {[%emt 0:02:31]} O-O {[%emt 0:01:48]} 15. e4 {[%emt 0:01:59]} dxe3 {[%emt 0:03:53]} 16. fxe3 {[%emt 0:03:08]} Ne5 {[%emt 0:00:49]} 17. e4 {[%emt 0:00:34]} Bg4 {[%emt 0:00:53]} 18. Qc2 {[%emt 0:00:07]} Bh3 {[%emt 0:00:36]} 19. d4 {[%emt 0:01:45]} Bxg2 {[%emt 0:01:34]} 20. Kxg2 {[%emt 0:00:08]} Ng4 {[%emt 0:00:05]} 21. Bd2 {[%emt 0:00:49]} e5 {[%emt 0:08:07]} 22. Qd3 {[%emt 0:02:22]} Qc6 {[%emt 0:03:28]} 23. Rbe1 {[%emt 0:17:18]} f5 {[%emt 0:04:03]} 24. d5 {[%emt 0:11:45]} Qd7 {[%emt 0:00:41]} 25. Bg5 {[%emt 0:00:27]} Rf7 {[%emt 0:01:22]} 26. c5 {[%emt 0:10:34]} fxe4 {[%emt 0:03:58]} 27. Qc4 {[%emt 0:00:25]} Raf8 {[%emt 0:02:20]} 28. Nxd6 {[%emt 0:04:00]} Rf2+ {[%emt 0:01:06]} 29. Kg1 {[%emt 0:00:07]} R8f3 {[%emt 0:01:23]} 30. Nxe4 {[%emt 0:01:22]} Qf5 {[%emt 0:04:32]} 31. d6+ {[%emt 0:00:49]} Kh7 {[%emt 0:00:09]} 32. Rxf2 {[%emt 0:04:05]} Rxf2 {[%emt 0:00:58]} 33. Qd3 {[%emt 0:07:00]} Rf3 {[%emt 0:02:41]} 34. Qe2 {[%emt 0:05:59]} Rxb3 {[%emt 0:01:06]} 35. Rf1 {[%emt 0:00:50]} Qe6 {[%emt 0:00:35]} 36. Qd1 {[%emt 0:02:22]} Rb2 {[%emt 0:02:48]} 37. Bc1 {[%emt 0:00:48]} Qa2 {[%emt 0:01:02]} 38. Bxb2 {[%emt 0:01:16]} Qxb2 {[%emt 0:00:01]} 39. Qd2 {[%emt 0:00:08]} 1-0

[Event "1st Cyprus Chess Tournament 2019"]
[Site "Larnaca"]
[Date "2019.10.29"]
[Round "6.8"]
[White "Constantinou, Pavlos"]
[Black "Kayumov, Dmitry D"]
[Result "1-0"]
[WhiteElo "2093"]
[BlackElo "2402"]
[Annotator "ChessBase"]
[PlyCount "117"]
[EventDate "2019.10.25"]
[EventType "swiss"]
[EventCountry "CYP"]
[SourceTitle "playchess.com"]
[Source "ChessBase"]
[SourceQuality "1"]
[TimeControl "5400+30"]

1. d4 {[%emt 0:00:00]} Nf6 {[%emt 0:00:00]} 2. Nf3 {[%emt 0:00:00]} e6 {[%emt 0:00:00]} 3. g3 {[%emt 0:00:00]} b5 {[%emt 0:00:18]} 4. Bg2 {[%emt 0:00:02]} Bb7 {[%emt 0:00:21]} 5. O-O {[%emt 0:00:18]} a6 {[%emt 0:01:25]} 6. a4 {[%emt 0:04:37]} b4 {[%emt 0:01:25]} 7. c3 {[%emt 0:01:24]} c5 {[%emt 0:00:54]} 8. Bf4 {[%emt 0:11:47]} cxd4 {[%emt 0:01:28]} 9. cxd4 {[%emt 0:03:19]} Be7 {[%emt 0:03:10]} 10. Nbd2 {[%emt 0:00:49]} d5 {[%emt 0:00:48]} 11. Ne5 {[%emt 0:03:37]} Nc6 {[%emt 0:03:54]} 12. Nb3 {[%emt 0:02:35]} Nxe5 {[%emt 0:01:42]} 13. Bxe5 {[%emt 0:01:07]} Rc8 {[%emt 0:00:41]} 14. Rc1 {[%emt 0:04:42]} Bc6 {[%emt 0:05:49]} 15. Nc5 {[%emt 0:02:11]} a5 {[%emt 0:02:12]} 16. Qd3 {[%emt 0:09:09]} O-O {[%emt 0:01:29]} 17. Qa6 {[%emt 0:00:22]} Bxc5 {[%emt 0:12:49]} 18. Rxc5 {[%emt 0:00:14]} Bxa4 {[%emt 0:00:55]} 19. Bxf6 {[%emt 0:02:53]} gxf6 {[%emt 0:00:32]} 20. Rxc8 {[%emt 0:00:11]} Qxc8 {[%emt 0:00:05]} 21. Qxa5 {[%emt 0:00:04]} Bc2 {[%emt 0:07:26]} 22. Qxb4 {[%emt 0:01:14]} Qb8 {[%emt 0:01:04]} 23. Qd2 {[%emt 0:01:26]} Bg6 {[%emt 0:01:14]} 24. h4 {[%emt 0:04:53]} h5 {[%emt 0:01:23]} 25. Bf3 {[%emt 0:02:18]} Kg7 {[%emt 0:00:55]} 26. Rc1 {[%emt 0:05:35]} Qb6 {[%emt 0:02:53]} 27. Rc3 {[%emt 0:05:11]} Rb8 {[%emt 0:06:13]} 28. b3 {[%emt 0:00:28]} Qa5 {[%emt 0:01:06]} 29. Qb2 {[%emt 0:00:52]} Qb4 {[%emt 0:02:51]} 30. e3 {[%emt 0:00:16]} Ra8 {[%emt 0:00:35]} 31. Rc1 {[%emt 0:05:02]} Rb8 {[%emt 0:03:13]} 32. Bd1 {[%emt 0:02:15]} Qe1+ {[%emt 0:02:15]} 33. Kh2 {[%emt 0:00:08]} Qb4 {[%emt 0:01:34]} 34. Qc3 {[%emt 0:01:09]} Qb5 {[%emt 0:01:17]} 35. Kg1 {[%emt 0:03:11]} Ra8 {[%emt 0:01:35]} 36. Bc2 {[%emt 0:00:50]} Rb8 {[%emt 0:03:07]} 37. Bxg6 {[%emt 0:00:08]} Kxg6 {[%emt 0:00:12]} 38. Rb1 {[%emt 0:00:32]} Qb4 {[%emt 0:01:05]} 39. Qxb4 {[%emt 0:00:10]} Rxb4 {[%emt 0:00:01]} 40. Kf1 {[%emt 0:00:18]} e5 {[%emt 0:00:27]} 41. Ke2 {[%emt 0:02:33]} exd4 {[%emt 0:01:48]} 42. exd4 {[%emt 0:00:06]} Rxd4 {[%emt 0:00:30]} 43. b4 {[%emt 0:00:04]} Kf5 {[%emt 0:01:33]} 44. f3 {[%emt 0:01:33]} Ke5 {[%emt 0:00:45]} 45. b5 {[%emt 0:00:16]} Ra4 {[%emt 0:00:56]} 46. b6 {[%emt 0:00:16]} Ra2+ {[%emt 0:00:28]} 47. Kd3 {[%emt 0:00:14]} Ra3+ {[%emt 0:00:09]} 48. Kc2 {[%emt 0:00:20]} Ra8 {[%emt 0:00:12]} 49. b7 {[%emt 0:00:04]} Rb8 {[%emt 0:00:04]} 50. Kd3 {[%emt 0:00:22]} f5 {[%emt 0:04:47]} 51. Rb6 {[%emt 0:03:33]} f4 {[%emt 0:00:31]} 52. gxf4+ {[%emt 0:01:27]} Kxf4 {[%emt 0:00:22]} 53. Rf6+ {[%emt 0:00:02]} Kg3 {[%emt 0:00:19]} 54. Rxf7 {[%emt 0:00:04]} Kxh4 {[%emt 0:00:11]} 55. Rg7 {[%emt 0:00:05]} Kh3 {[%emt 0:01:15]} 56. f4 {[%emt 0:00:10]} h4 {[%emt 0:01:07]} 57. f5 {[%emt 0:00:03]} Kh2 {[%emt 0:00:31]} 58. f6 {[%emt 0:00:08]} h3 {[%emt 0:00:37]} 59. f7 {[%emt 0:00:07]} 1-0

[Event "1st Cyprus Chess Tournament 2019"]
[Site "Larnaca"]
[Date "2019.10.29"]
[Round "6.9"]
[White "Ivanov, Mikhail M"]
[Black "Dermatopoulos, Konstantinos"]
[Result "1-0"]
[WhiteElo "2342"]
[BlackElo "1992"]
[Annotator "ChessBase"]
[PlyCount "55"]
[EventDate "2019.10.25"]
[EventType "swiss"]
[EventCountry "CYP"]
[SourceTitle "playchess.com"]
[Source "ChessBase"]
[SourceQuality "1"]
[TimeControl "5400+30"]

1. d4 {[%emt 0:02:10]} d5 {[%emt 0:00:00]} 2. c4 {[%emt 0:00:18]} e6 {[%emt 0:00:00]} 3. Nf3 {[%emt 0:00:46]} Nf6 {[%emt 0:00:00]} 4. g3 {[%emt 0:00:04]} Bb4+ {[%emt 0:00:01]} 5. Nbd2 {[%emt 0:01:04]} dxc4 {[%emt 0:00:09]} 6. Bg2 {[%emt 0:00:30]} O-O {[%emt 0:00:42]} 7. O-O {[%emt 0:00:08]} b5 {[%emt 0:01:33]} 8. a4 {[%emt 0:05:33]} c6 {[%emt 0:01:08]} 9. Qc2 {[%emt 0:01:37]} Bb7 {[%emt 0:02:02]} 10. b3 {[%emt 0:00:30]} c3 {[%emt 0:00:12]} 11. Nb1 {[%emt 0:00:06]} bxa4 {[%emt 0:12:40]} 12. Rxa4 {[%emt 0:01:27]} a5 {[%emt 0:00:14]} 13. Nxc3 {[%emt 0:00:15]} Qb6 {[%emt 0:02:48]} 14. Ra1 {[%emt 0:24:01]} Nbd7 {[%emt 0:03:59]} 15. Na4 {[%emt 0:01:25]} Qb5 {[%emt 0:02:02]} 16. Bb2 {[%emt 0:03:26]} c5 {[%emt 0:05:12]} 17. dxc5 {[%emt 0:02:14]} Be4 {[%emt 0:03:32]} 18. Nd4 {[%emt 0:02:32]} Bxc2 {[%emt 0:03:31]} 19. Nxb5 {[%emt 0:00:24]} Rab8 {[%emt 0:00:29]} 20. Nd4 {[%emt 0:01:10]} Be4 {[%emt 0:00:58]} 21. c6 {[%emt 0:04:03]} Bxg2 {[%emt 0:03:35]} 22. Kxg2 {[%emt 0:00:33]} Nc5 {[%emt 0:01:42]} 23. Nxc5 {[%emt 0:10:39]} Bxc5 {[%emt 0:00:42]} 24. Rxa5 {[%emt 0:00:09]} Bxd4 {[%emt 0:00:15]} 25. Bxd4 {[%emt 0:00:30]} Rxb3 {[%emt 0:00:09]} 26. c7 {[%emt 0:02:33]} Rb7 {[%emt 0:00:33]} 27. Be5 {[%emt 0:02:26]} Rc8 {[%emt 0:00:20]} 28. Rfa1 {[%emt 0:03:14]} 1-0

[Event "1st Cyprus Chess Tournament 2019"]
[Site "Larnaca"]
[Date "2019.10.29"]
[Round "6.10"]
[White "Demirciler, Erhan"]
[Black "Cherkasov, Nikolai"]
[Result "1/2-1/2"]
[WhiteElo "1740"]
[BlackElo "2338"]
[Annotator "ChessBase"]
[PlyCount "96"]
[EventDate "2019.10.25"]
[EventType "swiss"]
[EventCountry "CYP"]
[SourceTitle "playchess.com"]
[Source "ChessBase"]
[SourceQuality "1"]
[TimeControl "5400+30"]

1. d4 {[%emt 0:00:00]} Nf6 {[%emt 0:00:00]} 2. c4 {[%emt 0:00:00]} g6 {[%emt 0:00:00]} 3. Nc3 {[%emt 0:00:00]} Bg7 {[%emt 0:00:00]} 4. e4 {[%emt 0:00:00]} d6 {[%emt 0:00:00]} 5. f4 {[%emt 0:00:20]} O-O {[%emt 0:00:15]} 6. Nf3 {[%emt 0:00:47]} c5 {[%emt 0:00:59]} 7. d5 {[%emt 0:00:13]} e6 {[%emt 0:00:20]} 8. Bd3 {[%emt 0:00:29]} exd5 {[%emt 0:01:55]} 9. cxd5 {[%emt 0:00:08]} Re8 {[%emt 0:04:23]} 10. O-O {[%emt 0:00:17]} Nbd7 {[%emt 0:03:39]} 11. h3 {[%emt 0:08:57]} c4 {[%emt 0:03:28]} 12. Bxc4 {[%emt 0:01:13]} Nxe4 {[%emt 0:01:49]} 13. Nxe4 {[%emt 0:00:13]} Rxe4 {[%emt 0:00:06]} 14. Bd3 {[%emt 0:00:22]} Re8 {[%emt 0:02:30]} 15. f5 {[%emt 0:00:59]} Ne5 {[%emt 0:13:06]} 16. fxg6 {[%emt 0:04:43]} hxg6 {[%emt 0:04:56]} 17. Nxe5 {[%emt 0:20:31]} Bxe5 {[%emt 0:18:10]} 18. Qf3 {[%emt 0:04:18]} f5 {[%emt 0:01:10]} 19. g4 {[%emt 0:09:03]} Rf8 {[%emt 0:04:54]} 20. Bh6 {[%emt 0:06:57]} Qb6+ {[%emt 0:07:11]} 21. Rf2 {[%emt 0:02:12]} Rf6 {[%emt 0:00:53]} 22. Be3 {[%emt 0:19:54]} Qb4 {[%emt 0:04:34]} 23. gxf5 {[%emt 0:08:55]} Bxf5 {[%emt 0:03:33]} 24. Bxf5 {[%emt 0:00:26]} Rxf5 {[%emt 0:00:30]} 25. Qg2 {[%emt 0:06:44]} Kh7 {[%emt 0:07:16]} 26. Rc1 {[%emt 0:01:26]} Kh8 {[%emt 0:02:46]} 27. Qg4 {[%emt 0:02:22]} Qxg4+ {[%emt 0:02:35]} 28. hxg4 {[%emt 0:00:04]} Rxf2 {[%emt 0:00:22]} 29. Kxf2 {[%emt 0:00:42]} Bxb2 {[%emt 0:05:31]} 30. Rb1 {[%emt 0:01:20]} Be5 {[%emt 0:00:17]} 31. Rxb7 {[%emt 0:00:14]} a5 {[%emt 0:00:17]} 32. a4 {[%emt 0:00:41]} Rc8 {[%emt 0:01:19]} 33. Rb5 {[%emt 0:00:22]} Bc3 {[%emt 0:01:43]} 34. Rb6 {[%emt 0:01:17]} Bb4 {[%emt 0:00:59]} 35. Rc6 {[%emt 0:00:07]} Re8 {[%emt 0:00:50]} 36. Bd4+ {[%emt 0:00:40]} Kg8 {[%emt 0:01:35]} 37. Kf3 {[%emt 0:00:28]} Rf8+ {[%emt 0:00:19]} 38. Ke4 {[%emt 0:00:22]} Rf1 {[%emt 0:00:38]} 39. Rc8+ {[%emt 0:00:42]} Kf7 {[%emt 0:00:14]} 40. Rc7+ {[%emt 0:00:18]} Ke8 {[%emt 0:00:11]} 41. Rg7 {[%emt 0:00:25]} Re1+ {[%emt 0:00:28]} 42. Kd3 {[%emt 0:00:37]} Rd1+ {[%emt 0:00:28]} 43. Kc4 {[%emt 0:00:21]} Rc1+ {[%emt 0:00:19]} 44. Kb5 {[%emt 0:00:49]} Rd1 {[%emt 0:00:41]} 45. Kc4 {[%emt 0:00:07]} Rc1+ {[%emt 0:00:34]} 46. Kb5 {[%emt 0:00:12]} Rd1 {[%emt 0:00:09]} 47. Kc4 {[%emt 0:00:56]} Rc1+ {[%emt 0:00:14]} 48. Kb5 {[%emt 0:00:28]} Rd1 {[%emt 0:00:59]} 1/2-1/2

[Event "1st Cyprus Chess Tournament 2019"]
[Site "Larnaca"]
[Date "2019.10.29"]
[Round "6.11"]
[White "Terentiev, Sergei"]
[Black "Blaivas, Lev"]
[Result "1/2-1/2"]
[WhiteElo "2285"]
[BlackElo "1740"]
[Annotator "ChessBase"]
[PlyCount "47"]
[EventDate "2019.10.25"]
[EventType "swiss"]
[EventCountry "CYP"]
[SourceTitle "playchess.com"]
[Source "ChessBase"]
[SourceQuality "1"]
[TimeControl "5400+30"]

1. c4 {[%emt 0:00:00]} c6 {[%emt 0:00:00]} 2. Nf3 {[%emt 0:01:59]} d5 {[%emt 0:00:01]} 3. e3 {[%emt 0:00:09]} Nf6 {[%emt 0:00:18]} 4. b3 {[%emt 0:00:12]} Bf5 {[%emt 0:00:36]} 5. Bb2 {[%emt 0:00:32]} e6 {[%emt 0:00:56]} 6. Be2 {[%emt 0:00:57]} Bd6 {[%emt 0:02:07]} 7. Ne5 {[%emt 0:00:46]} Nbd7 {[%emt 0:02:47]} 8. f4 {[%emt 0:00:10]} Ne4 {[%emt 0:08:48]} 9. O-O {[%emt 0:00:54]} Nxe5 {[%emt 0:07:27]} 10. fxe5 {[%emt 0:00:51]} Bc5 {[%emt 0:01:37]} 11. b4 {[%emt 0:11:23]} Bxb4 {[%emt 0:02:22]} 12. cxd5 {[%emt 0:00:09]} Qb6 {[%emt 0:07:54]} 13. dxc6 {[%emt 0:04:24]} bxc6 {[%emt 0:01:14]} 14. Bd4 {[%emt 0:00:25]} c5 {[%emt 0:02:44]} 15. Qa4+ {[%emt 0:00:09]} Ke7 {[%emt 0:00:02]} 16. Bc3 {[%emt 0:05:02]} Rhd8 {[%emt 0:01:47]} 17. Bf3 {[%emt 0:03:18]} Rac8 {[%emt 0:04:25]} 18. Bxe4 {[%emt 0:05:10]} Bxe4 {[%emt 0:00:02]} 19. a3 {[%emt 0:00:14]} Bxc3 {[%emt 0:01:28]} 20. Nxc3 {[%emt 0:00:14]} Bg6 {[%emt 0:00:05]} 21. Ne4 {[%emt 0:00:57]} Rd5 {[%emt 0:03:37]} 22. Nd6 {[%emt 0:01:47]} Rd8 {[%emt 0:02:26]} 23. Qf4 {[%emt 0:01:46]} Qb2 {[%emt 0:04:56]} 24. Qxf7+ {[%emt 0:00:13]} 1/2-1/2